Meltdown - Niall Horan (Lyrics) - Statistics

General Stats
  • This quiz has been taken 152 times
    148 since last reset
  • The average score is 190 of 273
Answer Stats
% Correct
the
96%
down
95%
melts
95%
be
93%
there
93%
you
93%
I'll
92%
it
92%
( | [Bridge] | [Intro] When
92%
when
92%
all
91%
in
91%
to
86%
your
84%
bathroom
80%
[Verse 1] Talkin'
80%
have
79%
Ooh-ooh
79%
ooh-ooh
79%
) ooh-ooh-woo
79%
( | [Chorus]( Woo-ooh-ooh
79%
woo-ooh-ooh
79%
mirror
74%
I'm
72%
like
72%
yourself
72%
now
70%
[Pre-Chorus] One
70%
one
70%
glass
68%
mind
68%
tell
68%
total
67%
broken
66%
collapse
64%
tellin'
64%
Losin'
62%
Just
61%
thin
61%
this
61%
know
58%
Turns
58%
too
57%
car
55%
driveway
55%
pass
55%
shall
55%
Screamin'
53%
() Yeah
51%
out
50%
goin'
49%
sideways
47%
so
42%
[Verse 2] Sleep
39%
life's
38%
think
37%
is
34%
of
34%
Spinnin'
34%
habit
33%
imagine
33%
Hard
30%
don't
29%
( Don't
29%
dreams
29%
Baby
28%
track
28%
Catchin'
26%
from
26%
[Pre-Chorus] Nights
26%
real
26%
wolves
26%
( Wolves
26%
you're
26%
look
25%
up
25%
fast
24%
back
22%
there's
22%
And
20%
at
12%
every
11%
star
11%
worry
9%
falls
8%
wall
8%
hittin'
7%
( Hittin'
7%
No matching quizzes found
Score Distribution
Percent of People with Each Score
Percentile by Number Answered
Your Score History
You have not taken this quiz since the last reset